Climate for creativity ; report /

Bibliographic Details
Corporate Author: National Research Conference on Creativity Greensboro, N.C.
Other Authors: Taylor, Calvin Walker, 1915-
Format: Conference Proceeding Book
Language:English
Published: New York : Pergamon Press, [1972]
Series:Pergamon general psychology series ; 9.
Subjects:

MARC

Tag First Indicator Second Indicator Subfields
LEADER 00000cam a2200000 4500
001 in00000280970
005 20151010071334.0
008 720717s1972 nyua b 10000 eng
010 |a  70112399  
020 |a 0080163297 
035 |a (OCoLC)00378954 
035 |9 ABE7242AM 
040 |a DLC  |c DLC  |d TXA  |d UtOrBLW 
049 |a TXAM  |c 1 [1024953]  |c 2 [1207088] 
050 0 0 |a BF408  |b .N35 1966 
082 0 |a 371.9/56 
111 2 |a National Research Conference on Creativity  |n (7th :  |d 1966 :  |c Greensboro, N.C.) 
245 1 0 |a Climate for creativity ;  |b report /  |c Editor: Calvin W. Taylor. 
264 1 |a New York :  |b Pergamon Press,  |c [1972] 
300 |a ix, 304 pages :  |b illustrations ;  |c 23 cm. 
336 |a text  |b txt  |2 rdacontent 
337 |a unmediated  |b n  |2 rdamedia 
338 |a volume  |b nc  |2 rdacarrier 
490 1 |a Pergamon general psychology series ;  |v 9 
504 |a Bibliography: pages 295-299. 
650 0 |a Creative ability  |v Congresses. 
700 1 |a Taylor, Calvin Walker,  |d 1915- 
830 0 |a Pergamon general psychology series ;  |v 9. 
999 |a MARS 
999 f f |s 282b2be9-4e8d-30fa-8046-9a3f510877b5  |i 594d5aa0-4515-3131-951e-b52d5fa6b8f2  |t 0 
952 f f |p normal  |a Texas A&M University  |b College Station  |c Sterling C. Evans Library  |d Evans: Library Stacks  |t 0  |e BF408 .N35 1966  |h Library of Congress classification  |i unmediated -- volume  |m A14801677077 
998 f f |a BF408 .N35 1966  |t 0  |l Evans: Library Stacks